[Event "Long classical games"]
[Site "SchemingMind.com"]
[Date "2012.05.31"]
[Round "-"]
[White "Jari Laine"]
[Black "harsh"]
[Result "1/2-1/2"]
[WhiteCountry "FIN"]
[BlackCountry "IND"]
[WhiteElo "2382"]
[WhiteRD "75"]
[BlackElo "2010"]
[BlackRD "82"]
[GameID "311206"]

1. e4 Nc6 2. Nf3 e5 3. c3 Nf6 4. d4 Nxe4 5. d5 Nb8 6. Nxe5 Qe7 7. Qd4 Nf6 8. Be3 d6 9. Bb5+ Nbd7 10. Nxd7 Bxd7
11. Na3 a6 12. Bxd7+ Qxd7 13. O-O Be7 14. Rfe1 O-O 15. f3 c6 16. dxc6 bxc6 17. Nc4 Nd5 18. Bf2 Rab8 19. Qa7 Qxa7 20. Bxa7 Rb5
21. Rad1 Bd8 22. g3 Bc7 23. Kg2 a5 24. Re2 a4 25. Rde1 h5 26. Bd4 Rfb8 27. Rd2 R5b7 28. f4 g6 29. Kf3 Kf8 30. Ree2 Rd8
31. h3 Rbb8 32. g4 Re8 33. f5 Re7 34. Ne3 Nxe3 35. Rxe3 hxg4+ 36. hxg4 Rxe3+ 37. Bxe3 gxf5 38. gxf5 Ke7 39. Bg5+ f6 40. Re2+ Kf7
41. Bf4 Rb5=
1/2-1/2

[Event "Long classical games"]
[Site "SchemingMind.com"]
[Date "2012.05.31"]
[Round "-"]
[White "Jari Laine"]
[Black "GBEDARD"]
[Result "1-0"]
[WhiteCountry "FIN"]
[BlackCountry "USA"]
[WhiteElo "2374"]
[WhiteRD "71"]
[BlackElo "2220"]
[BlackRD "85"]
[GameID "311207"]

1. e4 d6 2. d4 Nf6 3. Nc3 g6 4. f4 Bg7 5. Nf3 O-O 6. Be3 Nbd7 7. Qd2 c5 8. O-O-O Ng4 9. Bg1 cxd4 10. Nxd4 e5
11. Nde2 exf4 12. Nxf4 Qa5 13. Bd4 Nge5 14. Kb1 Nc5 15. Nfd5 Qd8 16. h4 h5 17. Be2 Bd7 18. Be3 Bc6 19. a3 Re8 20. Bg5 Qd7
21. Rhf1 Rac8 22. Nf6+ Bxf6 23. Bxf6 Re6 24. Bxe5 Rxe5 25. Bc4 Ne6 26. Nd5 Kg7 27. Qf2 Bxd5 28. Bxd5 b6 29. Qf6+ Kg8 30. Qf3 Rf8
31. g4 Qe7 32. Rg1 Kh7 33. gxh5 Rxh5 34. Rdf1 b5 35. Qg4 Re8 36. Rf5 Rh6 37. Rf2 Nd8 38. h5 Rg8 39. e5 Rxh5 40. exd6 Qxd6
41. Bxf7 Nxf7 42. Rxf7+ Kh6 43. Qe2 Qd4 44. Rd1 Qc5 45. Qd2+ Qg5 46. Qd7 Rh8 47. Qxa7 Qe5 48. Rc7 Qg3 49. Re7 Qf4 50. Rg1 Rh4
51. Qc5 Rh5 52. Qc6 Rg8 53. Qd7 Rh8 54. Qe6 Rg5 55. Rh1+ Rh5 56. Rxh5+ Kxh5 57. Qh3+ Qh4 58. Re5+ g5 59. Qf3+ Qg4 60. Qh1+ Qh4
61. Qd1+ Qg4 62. Re2
1-0

[Event "Long classical games"]
[Site "SchemingMind.com"]
[Date "2012.05.31"]
[Round "-"]
[White "Jari Laine"]
[Black "miriskra"]
[Result "1-0"]
[WhiteCountry "FIN"]
[BlackCountry "WLS"]
[WhiteElo "2387"]
[WhiteRD "75"]
[BlackElo "1797"]
[BlackRD "66"]
[GameID "311208"]

1. e4 e6 2. d4 d5 3. Nd2 dxe4 4. Nxe4 Nd7 5. c3 Ngf6 6. Nxf6+ Nxf6 7. Nf3 c5 8. Be3 cxd4 9. Bxd4 Be7 10. Bd3 O-O
11. Qc2 h6 12. O-O Qc7 13. Rad1 Bd7 14. Be5 Qc8 15. Nd4 Nd5 16. Rfe1 Bf6 17. Nf3 Bxe5 18. Nxe5 Bc6 19. Bh7+ Kh8 20. Be4 Ne7
21. Re2 Bxe4 22. Qxe4 Nd5 23. c4 Nf6 24. Qe3 Kg8 25. Red2 Qc7 26. Rd4 Rfd8 27. h3 Rxd4 28. Qxd4 b6 29. b4 Rc8 30. b5 Kf8
31. g4 Kg8 32. a4 Kf8 33. Kg2 Kg8 34. f3 Kf8 35. h4 Qb7 36. g5 hxg5 37. hxg5 Ne8 38. Qf4
1-0

[Event "Long classical games"]
[Site "SchemingMind.com"]
[Date "2012.05.31"]
[Round "-"]
[White "Jari Laine"]
[Black "emvarela"]
[Result "1-0"]
[WhiteCountry "FIN"]
[BlackCountry "ARG"]
[WhiteElo "2355"]
[WhiteRD "68"]
[BlackElo "1731"]
[BlackRD "50"]
[GameID "311209"]

1. e4 e5 2. Nf3 Nc6 3. c3 Nf6 4. d4 Nxe4 5. d5 Ne7 6. Nxe5 d6 7. Bb5+ c6 8. dxc6 bxc6 9. Nxc6 Qb6 10. Nxa7+ Bd7
11. Bxd7+ Kxd7 12. Qa4+ Nc6 13. Qxc6+ Qxc6 14. Nxc6 Kxc6 15. O-O Re8 16. Nd2 Nxd2 17. Bxd2 Re2 18. Rfd1 d5 19. b4 Bd6 20. a4 Ra8
21. b5+ Kc5 22. Be3+
1-0

[Event "Long classical games"]
[Site "SchemingMind.com"]
[Date "2012.05.31"]
[Round "-"]
[White "Jari Laine"]
[Black "Uzi Mike"]
[Result "0-1"]
[WhiteCountry "FIN"]
[BlackCountry "USA"]
[WhiteElo "2352"]
[WhiteRD "72"]
[BlackElo "2370"]
[BlackRD "82"]
[GameID "311210"]

1. e4 c5 2. Nf3 d6 3. d4 cxd4 4. Nxd4 Nf6 5. Nc3 Nc6 6. Bg5 e6 7. Qd2 Be7 8. O-O-O O-O 9. f3 Nxd4 10. Qxd4 a6
11. h4 b5 12. Kb1 Bb7 13. Qd2 Rc8 14. h5 b4 15. Ne2 Nxe4 16. fxe4 Bxg5 17. Qxg5 Qxg5
0-1

[Event "Long classical games"]
[Site "SchemingMind.com"]
[Date "2012.05.31"]
[Round "-"]
[White "Jari Laine"]
[Black "Luki212"]
[Result "1-0"]
[WhiteCountry "FIN"]
[BlackCountry "SVK"]
[WhiteElo "2374"]
[WhiteRD "71"]
[BlackElo "2057"]
[BlackRD "74"]
[GameID "311211"]

1. e4 c5 2. Nc3 d6 3. g3 g6 4. Bg2 Nc6 5. d3 Bg7 6. f4 Nf6 7. Nf3 Rb8 8. O-O b5 9. h3 b4 10. Ne2 O-O
11. Be3 Bd7 12. g4 Qc8 13. Qc1 Rd8 14. f5 Ne8 15. Bh6 Bh8 16. Ng5 Bf6 17. a3 Nc7 18. fxg6 fxg6 19. axb4 Rxb4 20. c3 Rb3
21. e5 Nxe5 22. d4 Nc6 23. Ne4 cxd4 24. Nxf6+ exf6 25. Qf4 f5 26. gxf5
1-0

[Event "Long classical games"]
[Site "SchemingMind.com"]
[Date "2012.05.31"]
[Round "-"]
[White "harsh"]
[Black "Jari Laine"]
[Result "0-1"]
[WhiteCountry "IND"]
[BlackCountry "FIN"]
[WhiteElo "2016"]
[WhiteRD "81"]
[BlackElo "2387"]
[BlackRD "75"]
[GameID "311212"]

1. d4 e6 2. c4 Bb4+ 3. Bd2 Bxd2+ 4. Nxd2 d6 5. e3 f5 6. Qh5+ g6 7. Qh3 Nc6 8. Bd3 Nf6 9. Ne2 Nb4 10. Bb1 c5
11. a3 Nc6 12. O-O O-O 13. Nb3 e5 14. dxc5 dxc5 15. Nc3 Be6 16. Rd1 Qe7 17. Qh4 e4 18. Nd2 Rad8 19. b3 Qg7 20. Ra2 b6
21. Qg5 h6 22. Qh4 g5 23. Qh3 Rd6 24. Qg3 Rfd8 25. Ne2 Na5 26. Nc1 b5 27. Qe5 bxc4 28. b4 cxb4 29. axb4 Nb3 30. Ncxb3 cxb3
31. Rb2 Ng4 32. Qxg7+ Kxg7 33. Kf1 Ne5
0-1

[Event "Long classical games"]
[Site "SchemingMind.com"]
[Date "2012.05.31"]
[Round "-"]
[White "GBEDARD"]
[Black "Jari Laine"]
[Result "1/2-1/2"]
[WhiteCountry "USA"]
[BlackCountry "FIN"]
[WhiteElo "2260"]
[WhiteRD "84"]
[BlackElo "2378"]
[BlackRD "73"]
[GameID "311213"]

1. e4 e6 2. d4 d5 3. Nc3 dxe4 4. Nxe4 Nd7 5. Nf3 Ngf6 6. Nxf6+ Nxf6 7. Bg5 h6 8. Bh4 c5 9. Bb5+ Bd7 10. Bxd7+ Qxd7
11. Qe2 Be7 12. O-O-O O-O 13. dxc5 Qc6 14. Kb1 Qxc5 15. Ne5 Rfd8 16. f4 Nd5 17. Bxe7 Nxe7 18. Qe4 Qb6 19. c4 Rac8 20. g4 Nc6
21. Nf3 a5 22. g5 Rxd1+ 23. Rxd1 Rd8 24. Rxd8+ Qxd8 25. a3=
1/2-1/2

[Event "Long classical games"]
[Site "SchemingMind.com"]
[Date "2012.05.31"]
[Round "-"]
[White "miriskra"]
[Black "Jari Laine"]
[Result "0-1"]
[WhiteCountry "WLS"]
[BlackCountry "FIN"]
[WhiteElo "1783"]
[WhiteRD "66"]
[BlackElo "2355"]
[BlackRD "68"]
[GameID "311214"]

1. d4 e6 2. c4 Bb4+ 3. Bd2 Bxd2+ 4. Qxd2 Nf6 5. Nc3 O-O 6. Nf3 d5 7. e3 Qe7 8. Bd3 dxc4 9. Bxc4 c5 10. O-O Rd8
11. Rfd1 Nc6 12. Qe2 cxd4 13. exd4 b6 14. Bb3 Bb7 15. Rac1 Nb4 16. Ne5 Nbd5 17. f3 Rac8 18. Rc2 Rc7 19. Nb5 Rxc2 20. Bxc2 Nd7
21. Bb1 Nxe5 22. Qxe5 Qb4 23. Nc7 Qxb2 24. Nxd5 Bxd5 25. Qc7 Re8 26. Qxa7 Qe2 27. Qa4 b5
0-1

[Event "Long classical games"]
[Site "SchemingMind.com"]
[Date "2012.05.31"]
[Round "-"]
[White "emvarela"]
[Black "Jari Laine"]
[Result "0-1"]
[WhiteCountry "ARG"]
[BlackCountry "FIN"]
[WhiteElo "1717"]
[WhiteRD "50"]
[BlackElo "2352"]
[BlackRD "72"]
[GameID "311215"]

1. e4 e6 2. d4 d5 3. Nc3 Bb4 4. e5 c5 5. a3 Bxc3+ 6. bxc3 Ne7 7. Qg4 Qc7 8. Qxg7 Rg8 9. Qxh7 cxd4 10. Ne2 Nbc6
11. cxd4 Nxd4 12. Nxd4 Qc3+ 13. Kd1 Qxd4+
0-1

[Event "Long classical games"]
[Site "SchemingMind.com"]
[Date "2012.05.31"]
[Round "-"]
[White "Uzi Mike"]
[Black "Jari Laine"]
[Result "1/2-1/2"]
[WhiteCountry "USA"]
[BlackCountry "FIN"]
[WhiteElo "2111"]
[WhiteRD "89"]
[BlackElo "2462"]
[BlackRD "72"]
[GameID "311216"]

1. e4 e6 2. d4 d5 3. exd5 exd5 4. Nf3 Bd6 5. c4 dxc4 6. Bxc4 Nf6 7. O-O O-O 8. Bg5 Bg4 9. Qd3 Nc6 10. Nbd2 Na5
11. Bb5 h6 12. Bh4 g5 13. Bg3 Bh5 14. Ne5 c6 15. Ba4 Re8 16. Rae1 Bxe5 17. Bxe5 Bg6 18. Qh3 h5 19. b4 b5 20. Bd1 Nc4
21. Nxc4 bxc4 22. Be2 a5 23. bxa5 Rxa5 24. Bxc4 Nd5 25. Qf3 Re6 26. Qg3 Qe7 27. f4 gxf4 28. Qf2 Kh7 29. Qd2 Ra8 30. Bxd5 cxd5
31. Rc1 Qg5 32. Rc7 Rxe5 33. dxe5 Qxe5 34. Rc3 d4 35. Rc4 d3 36. Rcxf4 Rc8 37. Qf2 Qd5 38. Qd4 Qxa2 39. Qd7 Rf8 40. Rf6 Qc4
41. Qe7 Qd4+ 42. Kh1 Qd8 43. Qe5 Qe8 44. Qd6 Rg8 45. h3 Qe4 46. Qc7 Rg7 47. Kh2 d2 48. Qd6 Qe1 49. R6f2 Be4 50. g3 Bg6
51. Qxd2 Qxd2 52. Rxd2 Rg8 53. Rff2 Rc8 54. Rd5 Re8 55. h4 Kg7 56. Rb2 Re3 57. Rdb5 Rc3 58. R2b4 Rc2+ 59. Kg1 Kf6 60. Rd5 Kg7
61. Rbd4 Rb2 62. Rd2 Rb6 63. Kh2 Rb3 64. R2d4 Re3= 65. Rb5 Re2+ 66. Kg1 Ra2 67. Re5 Kf6 68. Rdd5 Rc2 69. Kf1 Bd3+ 70. Ke1 Bg6
71. Re3 Rb2 72. Kf1 Rb1+ 73. Kf2 Rb2+ 74. Re2 Rb7 75. Ra2 Rb4 76. Ra6+ Kg7 77. Re5 Rb2+ 78. Re2 Rb3 79. Ra7 Bf5 80. Ree7 Bg6
81. Rab7 Ra3 82. Rb5 Kf6 83. Reb7 Ra1 84. Kf3 Rf1+ 85. Ke2 Ra1 86. Kf2 Ra3 87. Rb3 Ra2+ 88. Rb2 Ra3 89. R7b6+ Kg7 90. R6b5 Kf6
91. Rc5 Ra4 92. Rb6+ Kg7 93. Rcb5 Rc4 94. Re5 Rc2+ 95. Re2 Rc3 96. Rb5 Bd3 97. Rg5+ Bg6 98. Ra2 Rb3 99. Rd2 Rc3 100. Ra5 Kh7
101. Rad5 Kh6 102. R2d4 Rc2+ 103. Ke3 Rc3+ 104. Kf4 Kg7 105. g4 Rh3 106. Rd7 Rxh4 107. Kg3 Rxg4+ 108. Rxg4 hxg4 109. Rxf7+ Kxf7 110. Kxg4
1/2-1/2

[Event "Long classical games"]
[Site "SchemingMind.com"]
[Date "2012.05.31"]
[Round "-"]
[White "Luki212"]
[Black "Jari Laine"]
[Result "0-1"]
[WhiteCountry "SVK"]
[BlackCountry "FIN"]
[WhiteElo "2057"]
[WhiteRD "74"]
[BlackElo "2374"]
[BlackRD "71"]
[GameID "311217"]

1. e4 e6 2. d4 d5 3. Nc3 Bb4 4. e5 c5 5. a3 Bxc3+ 6. bxc3 Ne7 7. Qg4 cxd4 8. Qxg7 Rg8 9. Qxh7 Qc7 10. Ne2 Nbc6
11. f4 dxc3 12. Qd3 Nf5 13. Rb1 d4 14. Rg1 Qd8 15. g3 b6 16. Bg2 Bb7 17. Kf2 Na5 18. h3 Bxg2 19. Rxg2 Nb7 20. g4 Nc5
21. Qb5+ Ke7 22. Rh2 Nh4 23. Rb4 Qd5 24. Nxd4 a5 25. Rc4 Rac8 26. Kf1 Nf3 27. Nxf3 Qxf3+ 28. Rf2 Qd1+ 29. Kg2 Rxg4+
0-1

[Event "Long classical games"]
[Site "SchemingMind.com"]
[Date "2012.05.31"]
[Round "-"]
[White "opageo"]
[Black "harsh"]
[Result "1-0"]
[WhiteCountry "SCO"]
[BlackCountry "IND"]
[WhiteElo "2105"]
[WhiteRD "94"]
[BlackElo "2013"]
[BlackRD "80"]
[GameID "311379"]

1. d4 Nf6 2. Bg5 Ne4 3. Bf4 d5 4. Nd2 c5 5. Nxe4 dxe4 6. dxc5 Qa5+ 7. c3 Qxc5 8. Bxb8 Rxb8 9. Qa4+ b5 10. Qxe4 b4
11. Rd1 bxc3 12. Qa4+ Qb5 13. Qxb5+ Rxb5 14. bxc3 Rc5 15. e3 Rxc3 16. Bb5+
1-0

[Event "Long classical games"]
[Site "SchemingMind.com"]
[Date "2012.05.31"]
[Round "-"]
[White "opageo"]
[Black "Jari Laine"]
[Result "0-1"]
[WhiteCountry "SCO"]
[BlackCountry "FIN"]
[WhiteElo "2097"]
[WhiteRD "90"]
[BlackElo "2355"]
[BlackRD "68"]
[GameID "311380"]

1. d4 e6 2. Nf3 Nf6 3. Bg5 h6 4. Bh4 b6 5. e3 Bb7 6. Nbd2 Be7 7. Bd3 c5 8. c3 O-O 9. Qe2 Nc6 10. O-O cxd4
11. exd4 Nd5 12. Bg3 f5 13. c4 Ndb4 14. Bb1 f4 15. Qe4 Rf5 16. Bxf4 Nxd4 17. Qxb7 Rxf4 18. Be4 Nxf3+ 19. Bxf3 Rc8 20. Qxa7 Nd3
21. Qa6 Nxb2 22. Rab1 Nxc4 23. Nxc4 Rcxc4 24. Qxb6 Qxb6 25. Rxb6 Rc2 26. Rb7 Rd4 27. a4 Bc5 28. Bd1 Rcd2 29. Rc7 Rxd1 30. Rxc5 Rxf1+
31. Kxf1 Rxa4 32. Rc7 d5 33. Re7 Ra6 34. h4 h5 35. Ke2 Kh7
0-1

[Event "Long classical games"]
[Site "SchemingMind.com"]
[Date "2012.06.01"]
[Round "-"]
[White "opageo"]
[Black "GBEDARD"]
[Result "0-1"]
[WhiteCountry "SCO"]
[BlackCountry "USA"]
[WhiteElo "2105"]
[WhiteRD "94"]
[BlackElo "2272"]
[BlackRD "87"]
[GameID "311381"]

1. d4 Nf6 2. Bg5 Ne4 3. Bf4 c5 4. f3 Qa5+ 5. c3 Nf6 6. e3 cxd4 7. exd4 Nc6 8. Na3 Nh5 9. Nc4 Qf5 10. Bc7 d5
11. Ne5 Nxe5 12. Bxe5 f6 13. Bg3 e5 14. Bf2 Nf4 15. g3 Ng6 16. Bh3 Qg5 17. Qa4+ Kf7 18. Bxc8 Rxc8 19. Qd7+ Ne7 20. Qxb7 e4
21. fxe4 Qg4 22. Ne2 Qxe4 23. Kd2 g6 24. Qxa7 Bh6+ 25. Nf4 Bxf4+ 26. gxf4 Ra8 27. Qc7 Rhc8 28. Qd7 Qxf4+ 29. Be3 Qb8 30. Kc2 f5
31. a4 Rc7 32. Bf4 Rxd7
0-1

[Event "Long classical games"]
[Site "SchemingMind.com"]
[Date "2012.05.30"]
[Round "-"]
[White "opageo"]
[Black "miriskra"]
[Result "1-0"]
[WhiteCountry "SCO"]
[BlackCountry "WLS"]
[WhiteElo "2118"]
[WhiteRD "91"]
[BlackElo "1773"]
[BlackRD "66"]
[GameID "311382"]

1. d4 Nf6 2. Bg5 Ne4 3. Bf4 d5 4. Nd2 Bf5 5. e3 Nxd2 6. Qxd2 e6 7. Nf3 Bd6 8. Bg3 O-O 9. Bd3 Bxd3 10. Qxd3 Na6
11. c3 f6 12. e4 c5 13. exd5 exd5 14. dxc5 Re8+ 15. Kf1 Bxc5 16. Rd1 Qb6 17. b4 Bf8 18. Qxd5+ Kh8 19. Qb3 Rac8 20. Nd4 Nb8
21. Bxb8 Rxb8 22. g3 a5 23. a3 axb4 24. axb4 Re4 25. Kg2 Rbe8 26. Rd3 Qa6 27. Rhd1 b5 28. Qd5 R4e5 29. Qc6 Qa4 30. f4 Re4
31. Qxb5 Qa2+ 32. R1d2 Qb1 33. f5 Re1 34. Ne6 Ra8 35. Rd8 Rg1+ 36. Kh3
1-0

[Event "Long classical games"]
[Site "SchemingMind.com"]
[Date "2012.06.01"]
[Round "-"]
[White "opageo"]
[Black "emvarela"]
[Result "1-0"]
[WhiteCountry "SCO"]
[BlackCountry "ARG"]
[WhiteElo "2105"]
[WhiteRD "94"]
[BlackElo "1743"]
[BlackRD "46"]
[GameID "311383"]

1. d4 Nf6 2. Bg5 Ne4 3. Bf4 g5 4. Be5 Rg8 5. Qd3 Nf6 6. Bxf6 exf6 7. Qxh7 Rg7 8. Qe4+ Be7 9. d5 d6 10. h4 f5
11. Qa4+ Bd7 12. Qb3 b6 13. hxg5 Bxg5 14. Rh8+
1-0

[Event "Long classical games"]
[Site "SchemingMind.com"]
[Date "2012.06.03"]
[Round "-"]
[White "opageo"]
[Black "Uzi Mike"]
[Result "0-1"]
[WhiteCountry "SCO"]
[BlackCountry "USA"]
[WhiteElo "2118"]
[WhiteRD "91"]
[BlackElo "2370"]
[BlackRD "82"]
[GameID "311384"]

1. d4 d5 2. Nf3 Nf6 3. Bg5 Ne4 4. Bf4 c5 5. e3 Nc6 6. c3 Bg4 7. h3 Bf5 8. dxc5 Nxc5 9. Nd4 Bg6 10. Bb5 a6
11. Bxc6+ bxc6 12. Nxc6 Qb6 13. Nb4 e6 14. b3 a5 15. Nc2 Qa6 16. Qd2 Be7 17. Bg3 Nd3+ 18. Kd1 a4 19. Nba3 axb3 20. axb3 O-O
21. b4 Rfc8 22. Nd4 e5 23. Ndc2 d4 24. exd4 exd4
0-1

[Event "Long classical games"]
[Site "SchemingMind.com"]
[Date "2012.05.30"]
[Round "-"]
[White "opageo"]
[Black "Luki212"]
[Result "1-0"]
[WhiteCountry "SCO"]
[BlackCountry "SVK"]
[WhiteElo "2125"]
[WhiteRD "92"]
[BlackElo "2072"]
[BlackRD "71"]
[GameID "311385"]

1. d4 Nf6 2. Bg5 d5 3. Bxf6 exf6 4. e3 c5 5. c3 Qb6 6. Qc2 Nc6 7. Nd2 cxd4 8. exd4 Bd6 9. Bd3 Be6 10. Ngf3 Rc8
11. a3 g6 12. O-O Kf8 13. Rfe1 Kg7 14. Re2 Rhe8 15. Rae1 Re7 16. Qb3 Qc7 17. Nf1 Na5 18. Qd1 a6 19. Qc2 b5 20. a4 Qc6
21. axb5 axb5 22. Ne3 Ra7 23. Ra1 Rca8 24. b3 Qb6 25. Rae1 Nc6 26. b4 Ra3 27. Qd2 R8a4 28. Nc2 Ra2 29. Qd1 Qa6 30. Nd2 Rb2
31. Qc1 Raa2 32. Ne3 Qa4 33. Nd1 Rc2 34. Bxc2 Rxc2 35. Qb1 Bf5 36. Ne3 Rxc3 37. Nxf5+ gxf5 38. Qxf5
1-0

[Event "Long classical games"]
[Site "SchemingMind.com"]
[Date "2012.05.31"]
[Round "-"]
[White "harsh"]
[Black "opageo"]
[Result "1/2-1/2"]
[WhiteCountry "IND"]
[BlackCountry "SCO"]
[WhiteElo "2017"]
[WhiteRD "77"]
[BlackElo "2097"]
[BlackRD "90"]
[GameID "311386"]

1. d4 g6 2. c4 Nf6 3. Nf3 Bg7 4. g3 O-O 5. Bg2 d5 6. cxd5 Nxd5 7. O-O Nb6 8. Nc3 Nc6 9. d5 Nb4 10. e4 f5
11. Ng5 fxe4 12. Bxe4 Bxc3 13. bxc3 N4xd5 14. Nxh7 Nxc3 15. Qb3+ Kxh7 16. Qxc3 Qd6 17. Bb2 Qf6 18. Qc2 Qf7 19. Qxc7 Nc4 20. Bd5 Qxd5
21. Qxe7+ Rf7 22. Qh4+ Qh5 23. Qxc4 g5 24. Qd5 Bg4 25. Rae1 Bf3 26. Qd3+ Qg6 27. Qc4 Raf8 28. Re6 Qf5 29. Re3 Qh3 30. Rxf3 Rxf3
31. Qd4 R3f7 32. Qxa7 Qf5 33. Qd4 g4 34. a4= Rd7 35. Qb4 Re8 36. a5 Ra8 37. Bc3 Ra6=
1/2-1/2

[Event "Long classical games"]
[Site "SchemingMind.com"]
[Date "2012.05.31"]
[Round "-"]
[White "Jari Laine"]
[Black "opageo"]
[Result "1-0"]
[WhiteCountry "FIN"]
[BlackCountry "SCO"]
[WhiteElo "2355"]
[WhiteRD "68"]
[BlackElo "2097"]
[BlackRD "90"]
[GameID "311387"]

1. e4 c6 2. d4 d5 3. exd5 cxd5 4. c4 Nf6 5. Nc3 e6 6. Nf3 Be7 7. cxd5 Nxd5 8. Bd3 Nc6 9. O-O O-O 10. Re1 Qb6
11. Nxd5 exd5 12. Ne5 Nxe5 13. dxe5 Rd8 14. a3 Be6 15. b4 a5 16. bxa5 Qxa5 17. Bd2 Qa4 18. Qb1 Qh4 19. g3 Qh5 20. Bb4 Bxb4
21. Qxb4 Rd7 22. a4 Bh3 23. Ra3 Bf5 24. Bb5 Rdd8 25. Be2 Qh6 26. a5 Be4 27. f3 Bf5 28. f4 b6 29. a6 Rdc8 30. Qd6 Qxd6
31. exd6 Rd8 32. Bb5 Bd7 33. Bxd7 Rxd7 34. Re7 Rxd6 35. a7 Re6 36. Rb7 Kf8 37. Rc3
1-0

[Event "Long classical games"]
[Site "SchemingMind.com"]
[Date "2012.06.01"]
[Round "-"]
[White "GBEDARD"]
[Black "opageo"]
[Result "1-0"]
[WhiteCountry "USA"]
[BlackCountry "SCO"]
[WhiteElo "2295"]
[WhiteRD "86"]
[BlackElo "2070"]
[BlackRD "104"]
[GameID "311388"]

1. e4 c6 2. d4 d5 3. Nc3 dxe4 4. Nxe4 Bf5 5. Ng3 Bg6 6. h4 h6 7. Nf3 Nd7 8. h5 Bh7 9. Bd3 e6 10. Bf4 Ngf6
11. Bxh7 Rxh7 12. Qd2 Qb6 13. O-O-O O-O-O 14. c4 Qa6 15. b3 Be7 16. Qc2 Rhh8 17. d5 exd5 18. cxd5 Rhe8 19. Kb1 Bc5 20. dxc6 Qxc6
21. Nf5 Ne4 22. Rc1 g5 23. hxg6 fxg6 24. Rxh6
1-0

[Event "Long classical games"]
[Site "SchemingMind.com"]
[Date "2012.05.31"]
[Round "-"]
[White "miriskra"]
[Black "opageo"]
[Result "0-1"]
[WhiteCountry "WLS"]
[BlackCountry "SCO"]
[WhiteElo "1787"]
[WhiteRD "69"]
[BlackElo "2105"]
[BlackRD "94"]
[GameID "311389"]

1. d4 g6 2. e4 Bg7 3. Be3 d6 4. Bc4 Nf6 5. f3 d5 6. exd5 Nxd5 7. Bf2 O-O 8. Bb3 Nf4 9. g3 Nd5 10. h4 Nc6
11. Ne2 Na5 12. c3 Nxb3 13. Qxb3 a5 14. a4 Ra6 15. Na3 Rb6 16. Qc2 Rf6 17. Ng1 Bf5 18. Qd2 Nb6 19. b3 Re6+ 20. Kf1 Rd6
21. Qb2 e5 22. Nb5 exd4 23. Bxd4 Bd3+ 24. Kg2 Bxb5 25. axb5 Rxd4 26. cxd4 Bxd4 27. Qc2 Bxa1
0-1

[Event "Long classical games"]
[Site "SchemingMind.com"]
[Date "2012.06.03"]
[Round "-"]
[White "emvarela"]
[Black "opageo"]
[Result "0-1"]
[WhiteCountry "ARG"]
[BlackCountry "SCO"]
[WhiteElo "1743"]
[WhiteRD "47"]
[BlackElo "2105"]
[BlackRD "99"]
[GameID "311390"]

1. e4 c6 2. d4 d5 3. Nc3 dxe4 4. Nxe4 Bf5 5. Ng3 Bg6 6. h4 h6 7. Nf3 Nd7 8. h5 Bh7 9. Bd3 Bxd3 10. Qxd3 e6
11. Bf4 Qa5+ 12. Bd2 Qc7 13. O-O-O Ngf6 14. Ne4 O-O-O 15. g3 Nxe4 16. Qxe4 Nf6 17. Qe2 Bd6 18. Ne5 c5 19. Bf4 Nd5 20. dxc5 Nxf4
21. gxf4 Bxc5 22. Rxd8+ Rxd8 23. Rh3 Bd4 24. c3 Rd5 25. Rd3 Bxe5 26. fxe5 Qxe5 27. Qxe5 Rxe5 28. Rg3 Rxh5 29. Rxg7 Rf5 30. Rg2 h5
31. Rh2 h4 32. Rxh4 Rxf2 33. Rd4 f5 34. a4 e5 35. Rd2 Rxd2 36. Kxd2 Kd7 37. b4 Kc6 38. c4 b6 39. Ke3 f4+ 40. Ke4 a5
0-1

[Event "Long classical games"]
[Site "SchemingMind.com"]
[Date "2012.06.03"]
[Round "-"]
[White "Uzi Mike"]
[Black "opageo"]
[Result "1-0"]
[WhiteCountry "USA"]
[BlackCountry "SCO"]
[WhiteElo "2337"]
[WhiteRD "83"]
[BlackElo "2125"]
[BlackRD "92"]
[GameID "311391"]

1. e4 c6 2. d4 d5 3. Nd2 dxe4 4. Nxe4 Nf6 5. Nxf6+ exf6 6. c3 Bd6 7. Bd3 O-O 8. Qc2 Re8+ 9. Ne2 g6 10. h4 Be6
11. h5 f5 12. hxg6 fxg6 13. Bh6 Nd7 14. O-O-O Bd5 15. f3 b5 16. g4 Bxf3 17. gxf5 Bxh1 18. Rxh1
1-0

[Event "Long classical games"]
[Site "SchemingMind.com"]
[Date "2012.05.31"]
[Round "-"]
[White "Luki212"]
[Black "opageo"]
[Result "0-1"]
[WhiteCountry "SVK"]
[BlackCountry "SCO"]
[WhiteElo "2066"]
[WhiteRD "71"]
[BlackElo "2105"]
[BlackRD "94"]
[GameID "311392"]

1. c4 g6 2. d4 Bg7 3. e4 d6 4. Nc3 Nf6 5. Be2 O-O 6. Nf3 c5 7. dxc5 dxc5 8. Qb3 Nc6 9. O-O Nb4 10. Rd1 Qc7
11. h3 b6 12. Bg5 Qb7 13. a3 Nc6 14. Qc2 a6 15. Rd2 h6 16. Be3 e5 17. Bd3 Nd4 18. Qd1 Qc7 19. b4 Rd8 20. Rc1 Qd7
21. Nd5 Nxd5 22. cxd5 cxb4 23. Bxd4 exd4 24. axb4 Qd6 25. Qb3 Bb7 26. Rdc2 f5 27. Rc7 Rab8 28. Bxa6 Ba8 29. R7c6 Qf4 30. Rxg6 Qxc1+
31. Kh2 Qf4+ 32. g3 Qxe4 33. d6+ Kh7
0-1

[Event "Long classical games"]
[Site "SchemingMind.com"]
[Date "2012.05.31"]
[Round "-"]
[White "Till Plewe"]
[Black "harsh"]
[Result "1-0"]
[WhiteCountry "JPN"]
[BlackCountry "IND"]
[WhiteElo "2288"]
[WhiteRD "82"]
[BlackElo "2013"]
[BlackRD "80"]
[GameID "311401"]

1. e4 Nc6 2. Nf3 Nf6 3. e5 Ng4 4. d4 d6 5. h3 Nh6 6. Nc3 a6 7. Bg5 Bf5 8. Nh4 Bg6 9. e6 fxe6 10. Nxg6 hxg6
11. Bd3 Nf5 12. Ne2 Qd7 13. Nf4 O-O-O 14. Nxg6 Rg8 15. c3 e5 16. d5 Na7 17. Qf3 Nh6 18. Bxh6 gxh6 19. Bf5
1-0

[Event "Long classical games"]
[Site "SchemingMind.com"]
[Date "2012.05.31"]
[Round "-"]
[White "Till Plewe"]
[Black "Jari Laine"]
[Result "1/2-1/2"]
[WhiteCountry "JPN"]
[BlackCountry "FIN"]
[WhiteElo "2349"]
[WhiteRD "73"]
[BlackElo "2355"]
[BlackRD "68"]
[GameID "311402"]

1. e4 e6 2. d4 d5 3. Nd2 c5 4. Ngf3 Nf6 5. exd5 exd5 6. Bb5+ Bd7 7. Bxd7+ Nbxd7 8. O-O Be7 9. dxc5 Nxc5 10. Nb3 Nce4
11. Nfd4 Nd6 12. Qf3 O-O 13. Nf5 Nxf5 14. Qxf5 Qc8 15. Qxc8 Raxc8 16. c3 Ne4 17. Be3 b6 18. Rad1 Rfd8 19. Rfe1 g6 20. g3 f5
21. Kg2 Kf7 22. Re2 Bf6 23. f3 Nc5 24. Nd4 Rd7 25. Bf2 Re8 26. Rxe8 Kxe8 27. Nc6 Kf7 28. Rd2=
1/2-1/2

[Event "Long classical games"]
[Site "SchemingMind.com"]
[Date "2012.05.31"]
[Round "-"]
[White "Till Plewe"]
[Black "opageo"]
[Result "1-0"]
[WhiteCountry "JPN"]
[BlackCountry "SCO"]
[WhiteElo "2288"]
[WhiteRD "82"]
[BlackElo "2105"]
[BlackRD "94"]
[GameID "311403"]

1. e4 c6 2. d4 d5 3. f3 dxe4 4. fxe4 e5 5. Nf3 exd4 6. Bc4 Nf6 7. O-O b5 8. Bb3 Bc5 9. Ng5 Bg4 10. Bxf7+ Ke7
11. Qd3 Be2 12. Qg3 d3+ 13. Kh1 Bd6 14. e5 Bxf1 15. exd6+ Qxd6 16. Bf4 Qb4 17. Nc3 h6 18. Re1+ Be2 19. Qxd3 hxg5 20. Bg6 Nbd7
21. Bc7 Kf8 22. Qxe2 Qc4 23. Qe7+ Kg8 24. b3 Rxh2+ 25. Bxh2 Qxc3 26. Re3
1-0